| 000 | 00408nam a2200133Ia 4500 | ||
|---|---|---|---|
| 008 | 211109s9999||||xx |||||||||||||| ||und|| | ||
| 082 |
_a894.8128 _bESW-C |
||
| 100 | _aEswrapilla, R | ||
| 245 | 0 | _aChintha Santhanam Part-I | |
| 260 |
_bRamavarma Appanthampuran _aMisplace _c1998 |
||
| 630 | _xGeneral Stack | ||
| 650 |
_aMalayalam Literature _vMalayalam EssaysMotivation,Inspirationals _xMalayalam |
||
| 942 | _cBOOK | ||
| 999 |
_c1224 _d1224 |
||